000 00277nam a2200121Ia 4500
005 20251222144721.0
008 251222s9999||||xx |||||||||||||| ||spa||
020 _a978-9972-2695-7-8
082 _a338.918.5/A29
245 0 _aMemoria Anual 2008
264 _bAPCI
942 _cLIB
999 _c18212
_d18212